Digital signal processing with field programmable gate arrays (Record no. 1231525)

MARC details
000 -LEADER
fixed length control field 00628nam a2200229Ia 4500
005 - DATE AND TIME OF LATEST TRANSACTION
control field 20241129115657.0
008 - FIXED-LENGTH DATA ELEMENTS--GENERAL INFORMATION
fixed length control field 241129s9999||||xx |||||||||||||| ||und||
020 ## - INTERNATIONAL STANDARD BOOK NUMBER
International Standard Book Number 9783642453083
037 ## - SOURCE OF ACQUISITION
Stock number TB
040 ## - CATALOGING SOURCE
Original cataloging agency SDCL
Language of cataloging eng
Transcribing agency SDCL
041 ## - LANGUAGE CODE
Language code of text/sound track or separate title eng
Source of code eng
084 ## - COLON CLASSIFICATION NUMBER
Classification number D651:911 R1
Assigning agency SDCL
100 ## - MAIN ENTRY--PERSONAL NAME
Personal name Meyer-Baese Uwe
9 (RLIN) 469220
245 #0 - TITLE STATEMENT
Title Digital signal processing with field programmable gate arrays
250 ## - EDITION STATEMENT
Edition statement 4th
260 ## - PUBLICATION, DISTRIBUTION, ETC.
Place of publication, distribution, etc. New York
Name of publisher, distributor, etc. Springer
Date of publication, distribution, etc. 2021
300 ## - PHYSICAL DESCRIPTION
Extent xxiii,930p.
365 ## - TRADE PRICE
Price type code EUR
Price amount 94.99
650 ## - SUBJECT ADDED ENTRY--TOPICAL TERM
Topical term or geographic name entry element Electronic Science
942 ## - ADDED ENTRY ELEMENTS (KOHA)
Koha item type Textbook
Classification part D651:911 R1
Holdings
Withdrawn status Lost status Source of classification or shelving scheme Damaged status Not for loan Home library Current library Date acquired Source of acquisition Cost, normal purchase price Total Checkouts Full call number Barcode Date last seen Price effective from Koha item type
    Colon Classification (CC)     South Campus Library South Campus Library 2024-11-29 Bright Book Service 94.99   D651:911 R1 SC1627533 2024-11-29 2024-11-29 Textbook
Copyright @ Delhi University Library System